| 000 | 01130nam a2200241 a 4500 | ||
|---|---|---|---|
| 001 | 55290 | ||
| 003 | BD-RjUL | ||
| 005 | 20211209080238.0 | ||
| 008 | 161115s1987 bg ||||| |||| 001 0 ben d | ||
| 035 | _a(BD-RjUL)55412 | ||
| 040 |
_aBD-RjUL _bben _cBD-RjUL _dBD-RjUL |
||
| 041 | _aben | ||
| 082 |
_223 _a297.63 _bKHM 1987 |
||
| 100 |
_aখান, আকবর _9122533 |
||
| 245 | 1 | 0 |
_aমহানবী (সা)-এর প্রতিরক্ষা কৌশল / _cআকবর খান, তরজমায় আবু সাঈদ মুহাম্মদ ওমর আলী |
| 260 |
_aঢাকা : _bইসলামিক ফাউন্ডেশন, _c১৯৮৭ |
||
| 300 |
_a[১৮], ৪০৭ পৃ. ; _c২২ সেমি. |
||
| 500 | _aহাদীসে দেফা নামক বিখ্যাত উর্দু গ্রন্থের বাংলা তরজমা | ||
| 650 |
_aমহানবী (সা) _9129466 |
||
| 650 |
_aProphet Mohammad _9129467 |
||
| 700 |
_aআলী, আবু সাঈদ মুহাম্মদ ওমর _9118877 _qতরজমায় |
||
| 942 |
_2ddc _cBK _01 |
||
| 999 |
_c55290 _d55290 |
||